• 首页
  • 本馆介绍
  • 公告通知
  • 最新文献
  • 馆藏检索
  • 电子资源
  • 读者导购
  • 参考咨询
  • 我的图书馆
  • 登录
  • 详细信息显示
  • 放入我的书架
  • 预约/预借图书
  • 作者相关作品
  • 分类相关作品
  • 丛书相关作品
  • 出版社相关作品

书目信息

  • 表格格式
  • 工作单格式
  • 卡片格式
题名:
审计基础知识同步训练
    
 
作者: 周海彬 主编
分册:  
出版信息: 北京   高等教育出版社  2019
页数: 129页
开本: 26cm
丛书名:
单 册:
中图分类: F239.0-44
科图分类:
主题词: 审计学--中等专业教育--习题集
电子资源:
ISBN: 978-7-04-052894-7
000 00923nam0 2200241 450
001 0105001836
005 20200907131144.0
010    @a978-7-04-052894-7@dCNY20.90
100    @a20200107d2019 em y0chiy0120 ea
101 0  @achi
102    @aCN@b110000
105    @ay q 000yy
106    @ar
200 1  @a审计基础知识同步训练@9Shen Ji Ji Chu Zhi Shi;Zhi Tong Bu Xun Lian @f周海彬主编@b专著
210    @a北京@c高等教育出版社@d2019
215    @a129页@d26cm
300    @a中等职业教育国家规划教材配套教学用书 会计专业
330    @a本书内容包括审计概述,审计准则和审计过程,审计方法、审计证据和审计工作底稿,内部控制及其评审,货币资金、应收款项与投资审计,存货与长期资产审计,负债审计,所有者权益、收入及利得审计,成本费用及利润审计等。
606 0  @a审计学@x中等专业教育@j习题集
690    @aF239.0-44@v5
701  0 @a周海彬@4主编@9zhou hai bin
801  0 @aCN@bAZmarc@c20230907
905    @aBZT@dF239@e172@f1@sF239/172
    
    审计基础知识同步训练/周海彬主编.-北京:高等教育出版社,2019
    129页;26cm
    中等职业教育国家规划教材配套教学用书 会计专业
    
    ISBN 978-7-04-052894-7:CNY20.90
    本书内容包括审计概述,审计准则和审计过程,审计方法、审计证据和审计工作底稿,内部控制及其评审,货币资金、应收款项与投资审计,存货与长期资产审计,负债审计,所有者权益、收入及利得审计,成本费用及利润审计等。
●
相关链接 在五车中查询图书 在当当中查询图书 在豆瓣中查询图书


正题名:审计基础知识同步训练     索取号:F239/172         预约/预借

序号 登录号 条形码 馆藏地/架位号 状态 备注
1 2000009197   2000009197   旧书回溯/ [索取号:F239/172] 在馆    
山东省滨州职业学院图书馆 欢迎您!
大连网信软件有限公司© 版权所有